000 00318nam a2200133Ia 4500
008 240624s9999 xx 000 0 und d
041 _aeng
082 _a823 GRI
100 _aGRISHAM JOHN
245 _aCALICO JOE
260 _c2012
_aNew Delhi
_bHachette
300 _axxxiv, : 246 : p. : cm. ; 18
365 _cRS
_b25
999 _c19855
_d19855